<?xml version="1.0" encoding="UTF-8"?>
<record
    xmlns:xsi="http://www.w3.org/2001/XMLSchema-instance"
    xsi:schemaLocation="http://www.loc.gov/MARC21/slim http://www.loc.gov/standards/marcxml/schema/MARC21slim.xsd"
    xmlns="http://www.loc.gov/MARC21/slim">

  <leader>00350cam a2200121ua 4500</leader>
  <datafield tag="020" ind1=" " ind2=" ">
    <subfield code="a">9788189866433</subfield>
  </datafield>
  <datafield tag="082" ind1=" " ind2=" ">
    <subfield code="a">515</subfield>
    <subfield code="b">MIS/HA</subfield>
  </datafield>
  <datafield tag="100" ind1=" " ind2=" ">
    <subfield code="a">Mishra, K K  .</subfield>
  </datafield>
  <datafield tag="245" ind1=" " ind2=" ">
    <subfield code="a">Handbook on numerical technique lab ( Matlab base experiments) / </subfield>
  </datafield>
  <datafield tag="260" ind1=" " ind2=" ">
    <subfield code="a">New Delhi : </subfield>
    <subfield code="b">I.K International Publishing House , </subfield>
    <subfield code="c">2007.</subfield>
  </datafield>
  <datafield tag="300" ind1=" " ind2=" ">
    <subfield code="a">116 ; </subfield>
    <subfield code="e">CD.</subfield>
  </datafield>
  <datafield tag="942" ind1=" " ind2=" ">
    <subfield code="c">BK</subfield>
  </datafield>
  <datafield tag="999" ind1=" " ind2=" ">
    <subfield code="c">340587</subfield>
    <subfield code="d">340587</subfield>
  </datafield>
  <datafield tag="952" ind1=" " ind2=" ">
    <subfield code="0">0</subfield>
    <subfield code="1">0</subfield>
    <subfield code="4">0</subfield>
    <subfield code="7">0</subfield>
    <subfield code="a">KAUAET</subfield>
    <subfield code="b">KAUAET</subfield>
    <subfield code="d">2012-04-07</subfield>
    <subfield code="l">0</subfield>
    <subfield code="o">515</subfield>
    <subfield code="p">KAU_KCAEFT-21461</subfield>
    <subfield code="r">2025-09-03 00:00:00</subfield>
    <subfield code="w">2012-04-07</subfield>
    <subfield code="y">BK</subfield>
  </datafield>
  <datafield tag="952" ind1=" " ind2=" ">
    <subfield code="0">0</subfield>
    <subfield code="1">0</subfield>
    <subfield code="4">0</subfield>
    <subfield code="7">0</subfield>
    <subfield code="8">NFIC</subfield>
    <subfield code="a">KAUAET</subfield>
    <subfield code="b">KAUAET</subfield>
    <subfield code="c">GEN</subfield>
    <subfield code="d">2012-03-31</subfield>
    <subfield code="l">0</subfield>
    <subfield code="o">515 MIS/HA</subfield>
    <subfield code="p">KAU_KCAEFT-22283</subfield>
    <subfield code="r">2015-01-29 00:00:00</subfield>
    <subfield code="w">2012-05-15</subfield>
    <subfield code="y">BK</subfield>
  </datafield>
  <datafield tag="952" ind1=" " ind2=" ">
    <subfield code="0">0</subfield>
    <subfield code="1">0</subfield>
    <subfield code="4">0</subfield>
    <subfield code="7">0</subfield>
    <subfield code="8">NFIC</subfield>
    <subfield code="a">KAUAET</subfield>
    <subfield code="b">KAUAET</subfield>
    <subfield code="c">GEN</subfield>
    <subfield code="d">2012-03-31</subfield>
    <subfield code="l">0</subfield>
    <subfield code="o">515 MIS/HA</subfield>
    <subfield code="p">KAU_KCAEFT-22284</subfield>
    <subfield code="r">2025-09-03 00:00:00</subfield>
    <subfield code="w">2012-05-15</subfield>
    <subfield code="y">BK</subfield>
  </datafield>
</record>
